Portfolio Allocation of Slovak Ministers from the Gender Perspective

Zastúpenie žien v slovenských ministerských úradoch a v politických stranách. Zistenie, že ženy boli nespravodlivo vylúčené z výkonnej funkcie kvôli rodovým predsudkom a stereotypom, pričom ich nedostatočné zastúpenie má normatívne, pragmatické a politické dôsledky. Zlepšenie zastúpenia žien v polit...

Ausführliche Beschreibung

Gespeichert in:
Bibliographische Detailangaben
1. Verfasser: Hudáčková, Silvia
Weitere Verfasser: Malová, Darina
Format: Buchkapitel
Sprache:Englisch
Schlagworte:
Tags: Tag hinzufügen
Keine Tags, Fügen Sie das erste Tag hinzu!

MARC

LEADER 00000naa a2200000 4500
001 0283355
005 20220427080950.3
041 0 |a eng 
044 |a SK 
245 1 0 |a Portfolio Allocation of Slovak Ministers from the Gender Perspective  |c Silvia Hudáčková, Darina Malová 
520 |a Zastúpenie žien v slovenských ministerských úradoch a v politických stranách. Zistenie, že ženy boli nespravodlivo vylúčené z výkonnej funkcie kvôli rodovým predsudkom a stereotypom, pričom ich nedostatočné zastúpenie má normatívne, pragmatické a politické dôsledky. Zlepšenie zastúpenia žien v politike vedie k väčšej dôvere v politický systém a posilneniu demokracie. 
610 2 0 |a politika 
610 2 0 |a ministerstvá 
610 2 0 |a strany politické 
610 2 0 |a úrady 
610 2 0 |a ženy 
610 2 0 |a rovnosť rodová 
610 2 0 |a Slovensko 
100 1 |a Hudáčková, Silvia 
700 1 |a Malová, Darina